Humillados y ofendidos /

Uloženo v:
Podrobná bibliografie
Hlavní autor: Dostoievski, Fedor (autor)
Médium: Kniha
Jazyk:španělština
Vydáno: Barcelona, España : México : Nauta ; Novaro, 1973, c1973
Edice:(Arco Iris ; 12)
Témata:
Tagy: Přidat tag
Žádné tagy, Buďte první, kdo vytvoří štítek k tomuto záznamu!

MARC

LEADER 00000nam^a2200000^a^4500
001 000383163
005 20250521000000.0
009 20260310120815.484
020 |a 84-7104-452-8 
025 |a Donación Juan Diego Castillo, 1 ejemplar 
037 |a Acervo ITESO - Biblioteca 
041 |a ESP 
082 |a 891. 7  |b DOS 
100 |a Dostoievski, Fedor  |e (autor) 
240 1 1 |a [Humillados y ofendidos] 
245 1 0 |a Humillados y ofendidos /  |c F. Dostoievski. 
264 4 |a Barcelona, España :  |b Nauta ;  |a México :  |b Novaro,  |c 1973, c1973 
300 |a 392 p. 
336 |a texto  |b txt  |2 rdacontenido 
337 |a sin mediación  |b n  |2 rdamedio 
338 |a volumen  |b nc  |2 rdasoporte 
440 1 |a (Arco Iris ;  |v 12) 
500 |a Traducción de: Unizhennye i oskorblennye 
545 0 |a Nacido en Moscú en 1821 y fallecido en San Petersburgo en 1881, el escritor ruso Fedor Dostoievski creció en un ambiente familiar devoto y autoritario y aunque hubo de cursar estudios militares, ya en 1846 presentó su primer libro, la novela Pobres gentes. El autor ruso, aquejado permanentemente por una salud frágil, desarrolló una obra que comprende varios títulos centrales para la narrativa decimonónica, como El doble (1846), Humillados y ofendidos (1862), Apuntes del subsuelo (1865), Crimen y castigo (1866), El idiota (1868-1869), Los demonios (1873), El adolescente (1875) y Los hermanos Karamazov (1879-1880), su última novela. También autor de Noches blancas (1848), La aldea de Stépanchikovo y sus moradores (1859), El sueño del tío (1859), Recuerdos de la casa de los muertos (1861-1862) y El jugador (1867). Dostoievski creó un corpus literario narrativamente muy complejo, que lo revela como un gran conocedor del alma humana y le permite perfilar personajes de profundidad cierta, titubeantes y angustiados ante dilemas éticos y religiosos. 
561 |a Ex libris manuscrito de Vallarta Méndez 
649 |a XX 
650 |a Novela Rusa 
650 |a Literatura Rusa -  |y Siglo XIX 
910 |a Fondo Castillo-Martínez 
920 |a Impresos - Libros 
930 |a Fondos Especiales 
940 |a Literatura 
905 |a 127 
901 |a 0500277591  |b IT2  |c ESP  |u 20250521 
902 |a https://opac.biblio.iteso.mx/vufind/Record/000383163